Paul Whitehouse Filmography - Statistics

General Stats
  • This quiz has been taken 5 times
    3 since last reset
  • The average score is 5 of 98
Answer Stats
Type Year Name % Correct
TV Show 1990-1992 Harry Enfield's Television Programme
100%
Web Series 2027 Harry Potter
100%
TV Show 1994-1997, 2000, 2014 The Fast Show
100%
TV Show 2018-2024 Mortimer & Whitehouse: Gone Fishing
50%
Theater 2019 Only Fools and Horses: The Musical
50%
Film 2017 The Death of Stalin
50%
TV Show 1990 A Bit of Fry and Laurie
0%
Film 2010 Alice in Wonderland
0%
Film 2016 Alice Through the Looking Glass
0%
TV Special 1991 Amnesty International's Big 30
0%
TV Special 2015 An Evening with Harry Enfield & Paul Whitehouse
0%
TV Show 2003 Beebie's Tails
0%
TV Show 2010 Bellamy's People
0%
Short Film 2020 Beyond
0%
TV Short 2017 Brian Pern: A Tribute
0%
TV Show 1992 Bunch of Five
0%
Film 2010 Burke & Hare
0%
Film 2018 Chuck Steel: Night of the Trampires
0%
TV Special 1991 Comic Relief
0%
TV Special 2007 Comic Relief 2007: The Big One
0%
TV Special 2009 Comic Relief 2009
0%
TV Special 2001 Comic Relief: Say Pants to Poverty
0%
TV Special 1993 Comic Relief: The Invasion of the Comic Tomatoes
0%
TV Special 1999 Comic Relief: The Record Breaker
0%
Film 2005 Corpse Bride
0%
TV Show 2015 Crackanory
0%
TV Mini-Series 1999 David Copperfield
0%
TV Show 2023 Dodger
0%
TV Show 2017 Eat Your Heart Out with Nick Helm
0%
Film 2004 Finding Neverland
0%
TV Show 2001-2002 Fun at the Funeral Parlour
0%
TV Show 1993 Gamesmaster
0%
Film 2017 Ghost Stories
0%
TV Show 2001-2003 Happiness
0%
TV Special 2014 Harry & Paul's Story of the 2s
0%
TV Short 2013 Harry and Paul's Magnificent Sporting Moments
0%
TV Show 1994-1998 Harry Enfield & Chums
0%
Film 2004 Harry Potter and the Prisoner of Azkaban
0%
TV Show 2005 Help
0%
TV Short 1999 Hooves of Fire
0%
TV Show 2009 Horne & Corden
0%
TV Show 2006 Imagine
0%
TV Show 2013 It's Kevin
0%
TV Show 2001 Jumpers for Goalposts
0%
TV Show 1990, 1992 Just for Laughs
0%
Film 2000 Kevin & Perry Go Large
0%
Film 2018 King of Thieves
0%
TV Show 1996 Live & Kicking
0%
Film 2015 Mortdecai
0%
TV Show 2016 Murder in Successville
0%
Web Series 2021 Murder, They Hope
0%
TV Show 1993 Noel's House Party
0%
TV Show 2015 Nurse
0%
TV Show 1991 Paul Merton: The Series
0%
Documentary Mini-Series 2023 Paul Whitehouse: Our Troubled Rivers
0%
TV Show 2013 Pointless Celebrities
0%
TV Show 2000 Randall & Hopkirk (Deceased)
0%
TV Short 2007 Robbie the Reindeer in Close Encounters of the Herd Kind
0%
TV Short 2002 Robbie the Reindeer in Legend of the Lost Tribe
0%
Short Film 2009 Rockton Manor Studios
0%
TV Show 2007-2014 Ruddy Hell! It's Harry and Paul
0%
TV Show 2002 Shooting Stars
0%
TV Special 1994 Smashie and Nicey's Top of the Pops Party
0%
TV Special 1994 Smashie and Nicey, the End of an Era
0%
TV Mini-Series 2017 Smashie's Xmastastic Playlist
0%
TV Special 2004 Sport Relief 2004
0%
TV Special 2006 Sport Relief 2006
0%
Documentary Series 2007 Strictly Come Dancing: It Takes Two
0%
TV Show 2004 Swiss Toni
0%
TV Film 1998 Ted & Ralph
0%
TV Show 1999 The 11 O'Clock Show
0%
TV Special 2016 The Big Fat Quiz of Everything
0%
TV Show 2005 The Catherine Tate Show
0%
TV Show 2023-2025 The Change
0%
TV Short 1999 The Comedy Trail: A Shaggy Dog Story
0%
TV Show 1990 The Craig Ferguson Show
0%
TV Special 2003 The Fast Show Farewell Tour
0%
Web Series 2011 The Fast Show Faster
0%
TV Show 1998 The Fast Show Live
0%
TV Pilot 1994 The Honeymoon's Over
0%
TV Show 2014-2017 The Life of Rock with Brian Pern
0%
TV Special 2022 The Lovebox in Your Living Room
0%
TV Special 2008 The Mighty Boosh: A Journey Through Time and Space
0%
Film 2019 The Personal History of David Copperfield
0%
TV Show 1993-1995 The Smell of Reeves and Mortimer
0%
TV Short 2019 The Tiger Who Came to Tea
0%
TV Show 2016 The Windsors
0%
Documentary Series 1996, 2001 This Is Your Life
0%
Short Film 2021 Tiny Cow
0%
TV Show 2015 Toast of London
0%
TV Show 1992 Top of the Pops
0%
TV Show 1990 Vic Reeves Big Night Out
0%
TV Show 1993 Viva Cabaret
0%
TV Special 2001 We Know Where You Live. Live!
0%
Podcast 2025 When Alan Met Ray
0%
Web Mini-Series 2022 Why Didn't They Ask Evans?
0%
TV Show 1992 Without Walls
0%
TV Short 1999 You Ain't Seen All These, Right?
0%
No matching quizzes found
Score Distribution
Percent of People with Each Score
Percentile by Number Answered
Your Score History
You have not taken this quiz since the last reset